|
|
|
|
| LEADER |
01183cam a2200277 7i4500 |
| 001 |
0000034452 |
| 005 |
20170218090000.0 |
| 020 |
|
|
|a 9780205595822 (pbk.)
|
| 020 |
|
|
|a 0205595820 (pbk.)
|
| 090 |
0 |
0 |
|a QA76.76.I59
|b D44 2010
|
| 100 |
1 |
|
|a Dennis, Everette E
|
| 245 |
1 |
0 |
|a Understanding media in the digital age :
|b connections for communication, society, and culture
|c Everette E. Dennis, Melvin L. DeFleur.
|
| 260 |
|
|
|a New York:
|b Allyn & Bacon,
|c 2010.
|
| 300 |
|
|
|a xiii, 411 p.:
|b ill. (some col.);
|c 28 cm.
|
| 504 |
|
|
|a Includes bibliographical references and index
|
| 650 |
0 |
0 |
|a Digital media
|
| 650 |
0 |
0 |
|a Digital communications
|
| 700 |
1 |
|
|a DeFleur, Melvin L
|
| 997 |
|
|
|a Centre for Graduate Studies
|
| 997 |
|
|
|a Communication, Visual Art & Computing, Faculty
|b Communication, Department
|
| 998 |
|
|
|a Media & Communication, Diploma
|
| 999 |
|
|
|a 0000043794
|b BOK
|c OPEN SHELF
|e 1st Floor, Bestari Jaya
|
| 999 |
|
|
|a 0000044979
|b BOK
|c OPEN SHELF
|e 1st Floor, Bestari Jaya
|
| 999 |
|
|
|a 0000044980
|b BOK
|c OPEN SHELF
|e 1st Floor, Bestari Jaya
|
| 999 |
|
|
|a 0000048907
|b BOK
|c OPEN SHELF
|e 1st Floor, Bestari Jaya
|
| 999 |
|
|
|a 0000049243
|b BOK
|c OPEN SHELF
|e 1st Floor, Bestari Jaya
|